A house for Mr. Biswas /

Đã lưu trong:
Chi tiết về thư mục
Tác giả chính: Naipaul, V. S.
Định dạng: Sách
Ngôn ngữ:English
Được phát hành: London : David Campbell, 1995.
Những chủ đề:
Các nhãn: Thêm thẻ
Không có thẻ, Là người đầu tiên thẻ bản ghi này!
Thư viện lưu trữ: Mạng thư viện Đại học Đà Nẵng
LEADER 00889cam a2200349 i 4500
001 000047156
003 6731
005 20041029085135.0
008 010310b1995 vm 000 eng
020 |a 1857152131 
022 |a T 
040 |a IRC  |c IRC  |d IRC 
041 0 |a eng 
082 1 4 |a 823.9  |b NA-V 
100 1 |a Naipaul, V. S. 
245 1 0 |a A house for Mr. Biswas /  |c V. S. Naipaul ; introduced by Karl Miller. 
260 |a London :  |b David Campbell,  |c 1995. 
300 |a 564 p. ;  |c 20.5 cm. 
630 0 4 |a West Indian literature. 
630 0 4 |a V. S. Naipaul. 
630 0 4 |a A House for Mr. Biswas. 
650 0 4 |a Literature, West Indian. 
OWN |a DUT 
999 |a From the UDN01 
TYP |a Monograph 
TYP |a Printed language 
980 |a Mạng thư viện Đại học Đà Nẵng